000 00444nam a2200145Ia 4500
003 OSt
005 20260123153123.0
008 211028s2017 xx 000 0 und d
040 _cAIMIT LIBRARY
041 _aeng
100 _aSwathi; Rose, Swapna.
_g1416147
_97566
245 _aStudy on promotional activities of maruthi suzuki cars with reference to mandovi motors pvt ltd /
260 _aMangalore
_bSwapna Rose.,
_c2017
942 _2ddc
_cPRO
999 _c219134
_d219134